| 000 | 00359nam a22001697a 4500 | ||
|---|---|---|---|
| 005 | 20260616113831.0 | ||
| 020 | _a9788198634863 | ||
| 041 | _aEnglish | ||
| 082 | _aT10 R25 IRA | ||
| 100 | _aIraianbu V | ||
| 245 | _aIraianbu Orandu Uraigal Vol 2 | ||
| 250 | _a02 | ||
| 260 |
_aChennai _bNCBH _c2025 |
||
| 300 | _a449 | ||
| 365 | _b1750.00 | ||
| 942 | _cBK | ||
| 999 |
_c177876 _d177876 |
||